El hombre, origen y misterio : mexicas /

Enciclopedia que revisa la historia de las grandes civilizaciones antiguas, con énfasis en la mitología y cosmovisión que han caracterizado a las diversas culturas.

Gespeichert in:
Bibliographische Detailangaben
1. Verfasser: Layna y Ordóñez, Luis Manuel (coord.)
Weitere Verfasser: Arostegui, Javier (coordinación) (coordinación)
Format: Buch
Sprache:Spanisch
Veröffentlicht: México : UTEHA, 1983, c1983
Schlagworte:
Tags: Tag hinzufügen
Keine Tags, Fügen Sie das erste Tag hinzu!

MARC

LEADER 00000nam^a2200000^a^4500
001 000187445
005 20250521000000.0
009 20260310102301.69
020 |a 968-438-070-4 
020 |a 968-438-058-5 
037 |a Acervo ITESO - Biblioteca 
041 |a ESP 
082 |a 930. 03  |b HOM V. 12 
100 |a Layna y Ordóñez, Luis Manuel  |e (coord.) 
240 1 4 |a [El hombre, origen y misterios] 
245 1 3 |a El hombre, origen y misterio :  |b mexicas /  |c Coord. de L.M. Layna y Ordóñez, J. Arostegui. 
264 4 |a México :  |b UTEHA,  |c 1983, c1983 
300 |a p. 1415-1535 
336 |a texto  |b txt  |2 rdacontenido 
337 |a sin mediación  |b n  |2 rdamedio 
338 |a volumen  |b nc  |2 rdasoporte 
520 |a Enciclopedia que revisa la historia de las grandes civilizaciones antiguas, con énfasis en la mitología y cosmovisión que han caracterizado a las diversas culturas. 
649 |a XX 
650 |a Hombre -  |z América -  |x Origen 
650 |a Olmecas -  |x Historia 
650 |a Tarascos -  |x Historia 
650 |a Toltecas -  |x Historia 
650 |a Aztecas -  |x Historia 
650 |a Nahuas -  |x Historia 
650 |a Mayas -  |x Historia 
650 |a Totonacos -  |x Historia 
650 |a Zapotecas -  |x Historia 
650 |a Mixtecas -  |x Historia 
650 |a Huastecos -  |x Historia 
650 |a Indígenas de México -  |x Historia -  |y Epoca Prehispánica 
650 |a Mitología Mexicana 
650 |a Mitología Americana 
650 |a Cosmovisión -  |z México -  |x Historia -  |y Epoca Prehispánica 
650 |a Religión -  |z México -  |x Historia -  |y Epoca Prehispánica 
650 |a México -  |x Historia -  |y Epoca Prehispánica 
650 |a América -  |x Historia -  |y Epoca Prehispánica 
650 |a Arqueología -  |z México 
650 |a Historia Antigua -  |x Enciclopedias y Diccionarios 
650 |a Historia Universal -  |x Enciclopedias y Diccionarios 
650 |a Enciclopedias y Diccionarios 
700 |a Arostegui, Javier  |e (coordinación) 
910 |a Fondo General 
920 |a Impresos - Libros 
930 |a Obras de Referencia 
905 |a 102 
901 |a 0500129834  |b IT2  |c REF  |u 20250521 
902 |a https://opac.biblio.iteso.mx/vufind/Record/000187445